Hard Soccer Player to Country - Statistics

General Stats
  • This quiz has been taken 129 times
  • The average score is 40 of 145
Answer Stats
Player Club Team Country % Correct
Fyodor Smolov Krasnodar Russia
87%
Stephan Lichsteiner Juventus Switzerland
71%
Stephan El Shaarawy AS Monaco* Italy
67%
Andriy Yarmolenko Dyanmo Kyiv Ukraine
67%
Raheem Sterling Manchester City England
66%
Dimitar Berbatov PAOK Bulgaria
65%
Keylor Navas Real Madrid Costa Rica
63%
Arkadiusz Milik Ajax Poland
63%
Riyad Mahrez Leicester City Algeria
61%
Divock Origi Liverpool Belgium
61%
Fred Fluminense Brazil
61%
Anthony Martial Manchester United France
61%
Shkodran Mustafi Valencia Germany
61%
Alexandre Pato Sao Paulo Brazil
60%
Iago Aspas Celta Vigo Spain
59%
Carlos Bacca Milan Colombia
57%
Marcus Thuram Sochaux France
57%
Umut Bulut Galatasaray Turkey
54%
Luisao Benfica Brazil
53%
Kevin Doyle Colorado Rapids Ireland
53%
Park Joo-ho Borussia Dortmund South Korea
53%
Artur Boruc Bournemouth Poland
52%
Rafael Marquez Hellas Verona Mexico
50%
Dieumerci Mbokani Norwich City DR Congo
47%
Stefan Savic Atletico Madrid Montenegro
47%
Demba Ba Shanghai Shenhua Senegal
47%
Jamaal Lascelles Newcastle United England
46%
Mario Gaspar Villarreal Spain
46%
Kaan Ayhan Schalke 04 Turkey
44%
Taras Stepanenko Shakhtar Donetsk Ukraine
44%
Tim Ream Fulham USA
44%
Javier Saviola River Plate Argentina
43%
Hugo Almeida Anzhi Makhachkala Portugal
43%
Vincent Aboubakar Porto Cameroo
42%
Johan Djourou Hamburger SV Switzerland
42%
Jonathan Biabiany Inter Milan France
41%
Yoshinori Muto Mainz 05 Japan
40%
Goran Pandev Genoa Macedonia
40%
Munir El Haddadi Barcelona Spain
40%
Lee Nguyen New England Revolution USA
40%
Sebastien Squillaci SC Bastia France
39%
Ryad Boudebouz Montpellier Algeria
38%
Anthony Knockaert Standard Liege France
38%
Zoltan Gera Ferencvaros Hungary
38%
Thierry Moutinho RCD Mallorca Portugal
38%
Benik Afobe Wolverhampton Wanderers England
37%
Nikolai Pogrebnyak Torpedo Moscow Russia
37%
Bertrand Traore Chelsea Burkina Faso
36%
Jefferson Montero Swansea City Ecuador
35%
Mapou Yanga-Mbiwa Lyon France
35%
Anthony Pilkington Cardiff City Ireland
35%
Haris Seferovic Eintracht Frankfurt Switzerland
34%
Alan Patrick Flamengo* Brazil
33%
Timothee Kolodziecjzak Sevilla France
33%
Itumeleng Khune Kaizer Chiefs South Africa
33%
Jose Baxter Sheffield United England
32%
Mirko Vucinic Al-Jazira Montenegro
32%
Terrence Kongolo Feyenoord Netherlands
32%
Maciej Jankowski Wisla Krakow Poland
32%
Juraj Kucka Milan Slovakia
32%
Nicolas Lodeiro Boca Juniors Uruguay
32%
Clinton N'Jie Tottenham Hotspur Cameroon
30%
Christopher Samba Dynamo Moscow Congo
30%
Marc Janko Basel Austria
29%
Modou Barrow Swansea City Gambia
27%
Patrick Olsen RC Lens Denmark
26%
Piet Velthuizen Vitesse Netherlands
26%
Josh Vela Bolton Wanderers England
25%
Niklas Moisander Sampdoria Finland
25%
Rurik Gislason Nurnberg Iceland
25%
Efe Ambrose Celtic Nigeria
25%
Lucas Barrios Palmeiras Paraguay
25%
Salma Al-Faraj Al-Hilal Saudi Arabia
25%
Christophe Berra Ipswich Town Scotland
25%
Colin Kazim-Richards Feyenoord Turkey
25%
Karim Coulibaly AS Nancy France
23%
Itzik Cohen Beitar Jerusalem Israel
23%
Lukasz Sekulski Jagiellonia Bialystok Poland
23%
Ikechi Anya Watford Scotland
23%
Giovanni Sio Stade Rennais Cote d'Ivoire
22%
Milan Badelj Fiorentina Croatia
22%
Ashkan Dejagah Al-Arabi Iran
22%
Stipe Perica Udinese* Croatia
21%
Ariel Harush Hapoel Tel Aviv Israel
21%
Shane Smeltz Sydney FC New Zealand
21%
Florin Gardos Southampton Romania
21%
Rafael Longuine Santos Brazil
20%
Florentin Pogba Saint-Etienne Guinea
20%
Tommy Oar Ipswich Town Australia
19%
Aron Johansson Werder Bremen USA
19%
Fraser Fyvie Hibernian Scotland
18%
Henri Saivet Bordeaux Senegal
18%
Ruben Duarte Espanyol Spain
18%
Oliver Buff FC Zurich Switzerland
18%
Anderson Salles Vasco da Gama Brazil
16%
Angelo Henriquez Dinamo Zagreb Chile
16%
Christian Noboa Rostov Ecuador
16%
Nikola Ignjatijevic OFK Beograd Serbia
16%
Javier Flano CA Osasuna Spain
16%
Solomon Kvirkvelia Rubin Kazan Georgia
14%
Abdoulaye Keita SC Bastia Mali
14%
Erick Pimentel Club America Mexico
14%
Mathieu Dossevi Standard Liege Togo
14%
Igor Vetokele Charlton Athletic Angola
13%
Aboubakar Oumarou FK Partizan Cameroon
13%
Abdul Majeed Waris Lorient Ghana
13%
Andy Najar Anderlecht Honduras
13%
Hassan Al Haidos Al Sadd Qatar
13%
Gaston Esmerado Arsenal de Sarandi Argentina
12%
Lukas Van Eenoo KV Kortrijk Belgium
12%
Alexander Merkel Udinese Kazakhstan
12%
Emilio MacEachen Penarol Uruguay
12%
Tjaronn Chery QPR Netherlands
11%
Vinicius Freitas FC Zurich Brazil
10%
Mario Frick Balzers Liechtenstein
10%
Alexander Faltsetas Djurgardens IF Sweden
10%
Nejc Pecnik JEF United Slovenia
9%
Serge Gakpe Genoa Togo
9%
Adam Szalai 1899 Hoffenheim Austria
8%
Nathan Smith Yeovil Town Jamaica
8%
Bilel Mohsni Angers Tunisia
8%
AJ Soares Viking FK USA
8%
Sanmi Odelusi Wigan Athletic England
7%
Victor Golovatenco Sibir Novosisbirsk Moldova
7%
Nana Welbeck NK Krka Ghana
6%
Marko Jankovic NK Maribor* Montenegro
6%
Christian Sukke Sogndal Fotball Norway
6%
Mohamed Kamara Bolton Wanderers Sierra Leone
6%
Urko Pardo APOEL Spain
6%
Nestor Ortigoza San Lorenzo Paraguay
5%
Stoppila Sunzu Lille* Zambia
5%
Souleymane Doukara Leeds United France
4%
Aurelien Joachim Burton Albion Luxembourg
4%
Stephan Schrock SpVgg Greuther Furth Philippines
4%
Aymen Tahar Steaua Bucuresti Algeria
3%
Jean-Sylvain Babin Granada CF Martinique
3%
Eric Herrera Lecce Panama
2%
Leroy Maluka Abo IFK South Africa
2%
Rai Simons Chesterfield Bermuda
1%
Diederrick Joel Cruzeiro Cameroon
1%
Ali Sowe Modena* Gambia
1%
Genseric Kusunga Oldham Athletic Angola
0%
Alex Junior Christian Boavista Haiti
0%
Jair Nunes CD Tenerife Sao Tome and Principe
0%
Ruslan Mingazow FK Baumit Jablonec Turkmenistan
0%
No matching quizzes found
Score Distribution
Percent of People with Each Score
Percentile by Number Answered
Your Score History
You have not taken this quiz